000 01253pam a2200397 i 4500
999 _c430
_d430
001 019849500
003 UkOxU
005 20190814140246.0
008 140106s2014 stk 001 0 eng d
015 _aGBB423420
_2bnb
020 _a9780007484362 (pbk.) :
035 _a(StEdNL)5194462
035 _a(Uk)016642168
040 _aStDuBDS
_beng
_cStDuBDS
_erda
_dStEdNL
_dUkOxU
041 0 _aeng
_aspa
042 _aukscp
082 0 4 _a463.21 COL
_223
245 0 0 _aCollins Spanish dictionary & grammar /
_ceditor, Susie Beattie.
246 3 0 _aSpanish dictionary & grammar
246 3 _aCollins Spanish dictionary and grammar
250 _aSeventh edition.
264 1 _aBishopbriggs, Glasgow :
_bHarperCollins Publishers,
_c2014.
300 _axviii, 320 pages ;
_c20 cm
336 _atext
_2rdacontent
337 _aunmediated
_2rdamedia
338 _avolume
_2rdacarrier
500 _aIncludes index.
500 _a"In colour"--Cover.
546 _aText in English and Spaish.
650 0 _aSpanish language
_vDictionaries
_xEnglish.
650 0 _aEnglish language
_vDictionaries
_xSpanish.
650 0 _aSpanish language
_xGrammar.
700 1 _aBeattie, Susie,
_eeditor.
942 _2ddc
_cREF